Christopher Bigsby. Remembering and imagining the Holocaust [Rezension]

Titel: Christopher Bigsby. Remembering and imagining the Holocaust [Rezension] / Mark D. Kuss
Verfasser:
In: German studies review, Band 31, Heft 2 (2008), Seite 439
alle Artikel anzeigen
Veröffentlicht: 2008
Format: Aufsatz
Sprache: Englisch
Kein Bild verfügbar
X
alg: 20021800
001A    $04504:24-06-08 
001B    $06050:25-04-19 $t13:54:35.000 
001C    $04504:24-06-08 $t10:33:50.000 
001D    $04504:24-06-08 
001U    $0utf8 
001X    $00 
002@    $0Aou 
003@    $020021800X 
007A    $020021800X $aHEB 
010@    $aeng 
011@    $a2008 
021A    $aChristopher Bigsby. Remembering and imagining the Holocaust [Rezension] $hMark D. Kuss 
028A    $7 $8Kuss, Mark D. [Tnu] $9200217976 
031A    $d31 $e2 $h439 $j2008 
039B    $aIn $8--Abvc--. German studies review. - Baltimore, MD : The Johns Hopkins University Press, 1978-. - ISSN 0149-7952 $x200800000310002561 $9047645075 
039T    $8--Aau--Bigsby, Christopher W. E.$Z1941- [Tp3]. Remembering and imagining the Holocaust. - Cambridge : Cambridge University Press, 2006. - VII, 407 Seiten. - ISBN 0-521-86934-X $9182099377 
045T    $a7,20 $a8,1 
045T    $aGER $qDE-30 $2FID 
045V    $804.02.00$jStudien [Tkx] $9118843354 

lok: 20021800 62

exp: 20021800 62 1 #EPN
201B/01 $024-06-08 $t22:36:00.000 
203@/01 $054559023X 
208@/01 $a24-06-08 $be 
209A/01 $a/ $f000 $x00 
209B/01 $a2008 $x05 
247C/01 $8Frankfurt, Bibliographie der Deutschen Sprach- und Literaturwissenschaft $9113214561 
201U/01 $0utf8 

lok: 20021800 78

exp: 20021800 78 1 #EPN
201B/01 $018-02-26 $t17:16:46.000 
201C/01 $018-02-26 
201U/01 $0utf8 
203@/01 $01335376844 
208@/01 $a18-02-26 $be 
209A/01 $a/ $f000 $x00 
209A/01 $ab*p $x01 
220C/01 $apgar 
244Z/01 $#Ostmitteleuropa $#Ostmitteleuropa $#Mitteleuropa, Ost $#Central Europe Ostmitteleuropa $#Mittelosteuropa $74075753-5 $8--Tg1--Ostmitteleuropa $x05 $9085214485 
247C/01 $82080>Marburg/Lahn, Herder-Institut, Forschungsbibliothek, Bibliographieportal $9336309341
LEADER 00000caa a2200000 c 4500
001 20021800X
003 DE-603
005 20190425135435.0
007 tu
008 080624s2008 xx |||| | u00||u|eng c
035 |a (DE-599)HEB20021800X 
040 |a DE-603  |b ger  |c DE-603  |d DE-603 
041 |a eng 
084 |a 7,20  |a 8,1  |2 ssgn 
084 |a GER  |q DE-30  |2 fid 
100 1 |a Kuss, Mark D.  |0 (DE-603)200217976 
245 0 0 |a Christopher Bigsby. Remembering and imagining the Holocaust [Rezension]  |c Mark D. Kuss 
264 0 |c 2008 
773 0 8 |i In  |t German studies review  |d Baltimore, MD : The Johns Hopkins University Press, 1978-  |x 0149-7952  |g Band 31, Heft 2 (2008), Seite 439  |w (DE-603)047645075  |w (DE-600)440605-9 
787 0 8 |i Rezension von  |a Bigsby, Christopher W. E., 1941-  |t Remembering and imagining the Holocaust  |d Cambridge : Cambridge University Press, 2006  |h VII, 407 Seiten  |z 052186934X  |z 9780521869348  |w (DE-603)182099377 
924 0 |9 603  |a (DE-603)54559023X  |b DE-603  |c HES  |d d 
924 0 |9 2080  |a (DE-603)1335376844  |b DE-2080  |c HES  |d d  |g /